000 00658nmm a2200265 a 4500
003 AR-BaBNM
005 20251128202826.0
008 206019s1962 ||||||||||||||000 | spa||
040 _cAR-BaBNM
100 1 _aEscarpit, Robert
245 1 0 _aSociologĂ­a de la literatura
260 _aBuenos Aires
_bLos libros del mirasol
_c1962
300 0 _a170 p.
650 4 _aCRITICA LITERARIA
650 4 _aSOCIOLOGIA DEL ARTE
650 4 _aENSAYO
650 4 _aFILOSOFIA LITERARIA
650 4 _aESTRUCTURA SOCIAL
650 4 _aVIDA SOCIAL
650 4 _aESCRITORES
650 4 _aTRABAJO Y EMPLEO
655 _aLITERATURA
942 _cBK
998 _cisola
999 _c752
_d752